| 000 | 00618nam a2200193Ia 4500 | ||
|---|---|---|---|
| 003 | GCL | ||
| 008 | 140319s9999 xx 000 0 ara d | ||
| 040 |
_aGCL / _cGCL |
||
| 082 | 0 | 4 |
_a189.3 _bع د |
| 100 | 1 | _aعبدالقادر محمود | |
| 245 | 1 | 0 |
_aدراسات فى الفلسفة الدينية والصوفية و العلمية / _cعبدالقادر محمود |
| 260 |
_a[S.N] : _bدار الفكر العربى ، _c1978 |
||
| 300 | _a543 ص | ||
| 490 | _a | ||
| 650 | 0 | 4 | _aالفلسفة الاسلامية |
| 650 | 0 | 4 | _aالفلسفة |
| 650 | 0 | 4 | _aالتصوف الاسلامى |
| 942 |
_2ddc _cBK |
||
| 999 |
_c31664 _d31664 |
||